000 01047cam a22002654a 4500
001 vtls003211259
003 MY-SjTCS
005 20200226114034.0
008 110218s2008 enka b 001 0 eng d
020 _a9780421554405 (pbk.)
020 _a0421554401 (pbk.)
039 9 _a201102181344
_bVLOAD
_c201012161022
_dsiew_eng
_c201012131141
_dshuhada
_c201012131137
_dshuhada
_y201010181746
_zmalathy
043 _ae------
082 0 4 _a342.4085
_bBAM 2008
100 1 _aBamforth, Nicholas.
_947502
245 1 0 _aDiscrimination law :
_btheory and context : text and materials /
_cby Nicholas Bamforth, Maleiha Malik, Colm O'Cinneide ; with an introduction by Geoffrey Bindman.
250 _a1st ed.
260 _aLondon :
_bSweet & Maxwell,
_c2008.
300 _alxvii, 1300 p. :
_bill. ;
_c24 cm.
504 _aIncludes bibliographical references and index.
650 0 _aDiscrimination
_xLaw and legislation
_zEuropean Union countries.
_947503
700 1 _aMalik, Maleiha.
_947504
700 1 _aO'Cinneide, Colm.
_930965
920 _aLAW : 152926
999 _c126057